header

Leo (Record no. 79535)

MARC details
000 -LEADER
fixed length control field 01378nam a2200361Ia 4500
082 04 - DEWEY DECIMAL CLASSIFICATION NUMBER
Classification number 328.71/092
100 1# - MAIN ENTRY--AUTHOR NAME
Personal name Kolber, Leo.
245 10 - TITLE STATEMENT
Title Leo
260 ## - PUBLICATION, DISTRIBUTION, ETC. (IMPRINT)
Place of publication Montreal :
Name of publisher McGill-Queen's University Press,
Year of publication c2003.
300 ## - PHYSICAL DESCRIPTION
Number of Pages viii, 314 p., [32] p. of plates :
Other physical details ill.
500 ## - GENERAL NOTE
General note Includes index.
650 #0 - SUBJECT ADDED ENTRY--TOPICAL TERM
Topical Term Directors of corporations
Topical Term Businessmen
700 1# - ADDED ENTRY--PERSONAL NAME
Personal name MacDonald, L. Ian.
856 40 - ELECTRONIC LOCATION AND ACCESS
Uniform Resource Identifier http://site.ebrary.com/lib/rucke/Doc?id=10132696

No items available.

© 2026 Rongo University
Contact us: librarian | system librarian | Rongo university